000 00978ntaaa2200229 4500
003 01
005 20251027203337.0
008 0714s1973 ag 01
040 _aAR-BaBN
_bspa
_cAR-BaBN
_eaacr
_dRIC
100 _aTchaikovsky, Piotr Ilich
_d1840-1893
245 _aEl lago de los cisnes, Suite del ballet op. 20 ; El cascanueces, Suite del ballet op. 71 /
_cPiotr Ilich Tchaikovsky
260 _aBuenos Aires :
_bViscontea [distribuidor],
_cc1979
300 _a1 disco son. (41 min., 40 seg.) ;
_canalógico, 33 1/3 rpm, estereo ; 12 plg.
490 _aLos grandes músicos ;
_v51
500 _aTítulo tomado del fascículo complementario
500 _aOrquesta Sinfónica de Viena, Eduard van Remoortel, director
500 _aOrquesta Sinfónica de Bamberg, Jonel Perlea, director
500 _aFabricado por: CBS. Licencia de: Vox-Turnabout-MMG (The Moss Music Group)
500 _aDuraciones: 19 min., 50 seg. ; 21 min., 50 seg.
650 _aMUSICA
942 _cBK
999 _c28969
_d28969